Formy podnikania obce

Podnikanie obce je spôsobom nakladania s majetkom obce. Autor článku vysvetľuje možné formy podnikania obce, analyzuje oprávnenia právnických osôb pri nakladaní s majetkom obce, pričom kladie dôraz na rozdiel medzi obcou zriadenými a založenými právnickými osobami.

Enregistré dans:
Détails bibliographiques
Auteur principal: Tekeli, Jozef
Format: Chapitre de livre
Langue:slovaque
Sujets:
Tags: Ajouter un tag
Pas de tags, Soyez le premier à ajouter un tag!

MARC

LEADER 00000naa a2200000 4500
001 0307337
005 20250227100649.0
041 0 |a slo 
044 |a SK 
245 1 0 |a Formy podnikania obce  |c Jozef Tekeli 
520 |a Podnikanie obce je spôsobom nakladania s majetkom obce. Autor článku vysvetľuje možné formy podnikania obce, analyzuje oprávnenia právnických osôb pri nakladaní s majetkom obce, pričom kladie dôraz na rozdiel medzi obcou zriadenými a založenými právnickými osobami. 
610 2 0 |a podnikanie 
610 2 0 |a obce 
610 2 0 |a majetok 
610 2 0 |a osoby právnické 
610 2 0 |a organizácie príspevkové 
610 2 0 |a spoločnosti obchodné 
100 1 |a Tekeli, Jozef